Complex Ownership Structures and Corporate Valuations /

The bulk of corporate governance theory examines the agency problems that arise from two extreme ownership structures: 100 percent small shareholders or one large, controlling owner combined with small shareholders. In this paper, we question the empirical validity of this dichotomy. In fact, one-th...

Ful tanımlama

Detaylı Bibliyografya
Yazar: Laeven, Luc
Diğer Yazarlar: Levine, Ross
Materyal Türü: Dergi
Dil:English
Baskı/Yayın Bilgisi: Washington, D.C. : International Monetary Fund, 2007.
Seri Bilgileri:IMF Working Papers; Working Paper ; No. 2007/140
Online Erişim:Full text available on IMF
LEADER 01754cas a2200253 a 4500
001 AALejournalIMF009337
008 230101c9999 xx r poo 0 0eng d
020 |c 5.00 USD 
020 |z 9781451867046 
022 |a 1018-5941 
040 |a BD-DhAAL  |c BD-DhAAL 
100 1 |a Laeven, Luc. 
245 1 0 |a Complex Ownership Structures and Corporate Valuations /  |c Luc Laeven, Ross Levine. 
264 1 |a Washington, D.C. :  |b International Monetary Fund,  |c 2007. 
300 |a 1 online resource (37 pages) 
490 1 |a IMF Working Papers 
500 |a <strong>Off-Campus Access:</strong> No User ID or Password Required 
500 |a <strong>On-Campus Access:</strong> No User ID or Password Required 
506 |a Electronic access restricted to authorized BRAC University faculty, staff and students 
520 3 |a The bulk of corporate governance theory examines the agency problems that arise from two extreme ownership structures: 100 percent small shareholders or one large, controlling owner combined with small shareholders. In this paper, we question the empirical validity of this dichotomy. In fact, one-third of publicly listed firms in Europe have multiple large owners, and the market value of firms with multiple blockholders differs from firms with a single large owner and from widely-held firms. Moreover, the relationship between corporate valuations and the distribution of cash-flow rights across multiple large owners is consistent with the predictions of recent theoretical models. 
538 |a Mode of access: Internet 
700 1 |a Levine, Ross. 
830 0 |a IMF Working Papers; Working Paper ;  |v No. 2007/140 
856 4 0 |z Full text available on IMF  |u http://elibrary.imf.org/view/journals/001/2007/140/001.2007.issue-140-en.xml  |z IMF e-Library